| 000 | 00541cam a22001691 4500 | ||
|---|---|---|---|
| 082 |
_a604.2 _bMCG _cL-12, P-20 |
||
| 100 | 1 |
_aMcGee, Richard Allen, _940280 |
|
| 245 | 0 | 0 |
_aGeneral mechanical drawing _c[by] R. A. McGee, W. W. Sturtevant [and] Glen O. Fuglsby. |
| 250 | _aRev. ed. | ||
| 260 |
_aMilwaukee, _bBruce Pub. Co. _c[1959] |
||
| 300 |
_a200 p. _billus. _c25 cm. |
||
| 526 |
_a0 _b0 _c0 _d604_200000000000000_MCG |
||
| 526 |
_a0 _b0 _c0 _d604_200000000000000_MCG |
||
| 650 | 0 |
_aMCE _9379 |
|
| 650 | 0 | _aMechanical drawing. | |
| 942 |
_2ddc _cBK |
||
| 999 |
_c544608 _d544608 |
||